| 000 | 00727nam a2200205 i 4500 | ||
|---|---|---|---|
| 001 | 42179 | ||
| 003 | ES-MaACL | ||
| 005 | 20250814063212.0 | ||
| 007 | t| | ||
| 008 | 030312s1980 sp ||||1| spa d | ||
| 100 | 1 |
_aCastilla del Pino, Carlos, _d1922-2009 _936651 |
|
| 245 | 1 | 0 |
_aIntroducción a la psiquiatría / _cCarlos Castilla del Pino. |
| 260 |
_a[Madrid] : _bAlianza, _c[1980] |
||
| 300 |
_a2 v. ; _c23 cm. |
||
| 490 | 1 |
_aAlianza universidad. Textos ; _v15 |
|
| 505 | 8 | _aContiene: V. 1: Problemas generales. Psicopatología. -- V. 2: Psiquiatría general. Psiquiatría clínica | |
| 830 | 0 |
_aAlianza universidad. Textos ; _v15 _9177885 |
|
| 852 |
_aES-MaACL _jL-125-6 _bR.100230 |
||
| 999 |
_c42179 _d42179 |
||